[Event "5th Pablo Gorbea Mem Open"]
[Site "Madrid ESP"]
[Date "2001.09.10"]
[Round "4"]
[White "Herrera,I"]
[Black "Rojo Huerta,G"]
[Result "1-0"]
[WhiteElo "2444"]
[BlackElo "2328"]

1.e4 c5 2.Nf3 Nc6 3.Bb5 e5 4.Bxc6 dxc6 5.h3 Bd6 6.d3 Ne7 7.Nbd2 Ng6 8.Nc4 O-O
9.g4 b5 10.Ne3 Nf4 11.Nf5 g6 12.Nxd6 Qxd6 13.Bxf4 exf4 14.Qd2 c4 15.dxc4 Qe6
16.Qd4 bxc4 17.O-O-O c3 18.b3 c5 19.Qxc3 Qxe4 20.Rhe1 Qc6 21.Ng5 Bb7 22.Ne4 Qxe4
23.Rxe4 Bxe4 24.f3 Bc6 25.Rd6 Rac8 26.h4 Rfd8 27.Rxd8+ Rxd8 28.Qf6 Rc8 29.h5 gxh5
30.gxh5  1-0

[Event "CHN-RUS Summit Women"]
[Site "Shanghai CHN"]
[Date "2001.09.11"]
[Round "5"]
[White "Zimina,O"]
[Black "Wang Lei"]
[Result "1/2-1/2"]
[WhiteElo "2312"]
[BlackElo "2509"]

1.e4 c5 2.Nf3 Nc6 3.Bb5 d6 4.O-O Bd7 5.Re1 Nf6 6.c3 a6 7.Bf1 Bg4 8.h3 Bxf3
9.Qxf3 g6 10.d3 Bg7 11.Be3 O-O 12.Nd2 Nd7 13.Qd1 b5 14.a3 Nb6 15.Nf3 Rc8
16.d4 cxd4 17.cxd4 d5 18.e5 Nc4 19.Bc1 Qb6 20.b3 N4a5 21.Be3 Rfd8 22.Rb1 e6
23.Qd2 Bf8 24.Bg5 Rd7 25.Bf6 Ne7 26.Bd3 Rdc7 27.Qf4 Rc3 28.Re3 Nf5 29.Bxf5 exf5
30.g4 Rxe3 31.Qxe3 fxg4 32.hxg4 Bg7 33.Bxg7 Kxg7 34.Kg2 h6 35.Qf4 g5 36.Qd2 Nb7
37.Ng1 Qa5 38.Qd3 Qb6 39.Ne2 Qg6 40.Rd1 Qxd3 41.Rxd3 Nd8 42.Kf3 Ne6 43.Ke3 Kg6
44.Rc3 Rxc3+ 45.Nxc3 Nc7 46.b4 f5 47.exf6  1/2-1/2

[Event "CHN-RUS Summit Women"]
[Site "Shanghai CHN"]
[Date "2001.09.12"]
[Round "6"]
[White "Xu Yuhua"]
[Black "Zimina,O"]
[Result "1-0"]
[WhiteElo "2502"]
[BlackElo "2312"]

1.e4 c5 2.Nf3 Nc6 3.Bb5 g6 4.Bxc6 bxc6 5.O-O Bg7 6.Re1 Nh6 7.c3 O-O 8.d4 cxd4
9.cxd4 d6 10.h3 f6 11.Nc3 Nf7 12.b3 Re8 13.Bb2 Bd7 14.Qd3 Qa5 15.Rad1 Rad8
16.Nd2 f5 17.Nc4 fxe4 18.Nxe4 Qa6 19.Qd2 Be6 20.Na5 Bd5 21.Bc3 Nh6 22.Ng3 Nf7
23.b4 e5 24.dxe5 dxe5 25.Qb2 Qc8 26.Nf1 Ng5 27.Re3 Ne4 28.Be1 Qf5 29.Red3 Qe6
30.Ne3 Ng5 31.Bc3 Rf8 32.Nxc6 Bxc6 33.Rxd8 Bf3 34.R1d6 Nxh3+ 35.Kf1 Qf7 36.gxf3 Qxf3
37.Rxf8+ Bxf8 38.Bxe5 Qh1+ 39.Ke2 Ng1+ 40.Kd3 Bxd6 41.Qb3+ Kf8 42.Bxd6+ Kg7
43.Be5+ Kh6 44.Bf4+ Kh5 45.Qf7 h6 46.Qg7 g5 47.Qf7+ Kh4 48.Bg3+  1-0

[Event "TCh-CRO"]
[Site "Pula CRO"]
[Date "2001.09.13"]
[Round "4"]
[White "Ljubicic,F"]
[Black "Shariyazdanov,A"]
[Result "1/2-1/2"]
[WhiteElo "2412"]
[BlackElo "2582"]

1.e4 c5 2.Nf3 Nc6 3.Bb5 e6 4.O-O Nge7 5.c3 a6 6.Ba4 b5 7.Bc2 Bb7 8.d4 cxd4
9.cxd4 Nb4 10.Nc3 Nxc2 11.Qxc2 d5 12.e5 Nf5 13.Ne2 Rc8 14.Qd3 Qc7 15.Bd2 Qc4
16.Nf4 g5 17.Rfc1 Qxd3 18.Nxd3 g4 19.Rxc8+ Bxc8 20.Rc1 Bd7 21.Nfe1 Nxd4 22.Rc7 Be7
23.Ra7 Bc8 24.Rc7 Bd7 25.Ra7 Bc8 26.Rc7  1/2-1/2

[Event "ch-Africa"]
[Site "Cairo EGY"]
[Date "2001.09.16"]
[Round "1"]
[White "Belkhodja,S"]
[Black "Chahrani,I"]
[Result "1-0"]
[WhiteElo "2531"]
[BlackElo "2337"]

1.e4 c5 2.Nf3 Nc6 3.Bb5 g6 4.Bxc6 dxc6 5.d3 Bg7 6.h3 Nf6 7.Nc3 O-O 8.Be3 b6
9.Qd2 Ba6 10.Bh6 c4 11.d4 b5 12.a3 Qc7 13.Bxg7 Kxg7 14.e5 Nd7 15.h4 h5 16.Ng5 Rad8
17.f4 c5 18.d5 Nxe5 19.fxe5 Qxe5+ 20.Qe2 Qg3+ 21.Qf2 Qe5+ 22.Kf1 b4 23.axb4 cxb4
24.Nf3 Qf6 25.Ne4 c3+ 26.Kg1 cxb2 27.Rb1 Qf4 28.Qd4+ f6 29.Nc5 Qxd4+ 30.Nxd4 Rxd5
31.Rxb2 Bc8 32.Nde6+ Kf7 33.Nxf8 Rxc5 34.Nh7 Kg7 35.Nxf6 Kxf6 36.Rxb4 Rxc2
37.Kh2 Ra2 38.Rd1 Bf5 39.Rdd4 a6 40.Rd1 e6 41.Re1 a5 42.Rb7 Ra4 43.g3 Ra2+
44.Kg1 a4 45.Ra7 g5 46.Ra5 Ra3 47.hxg5+ Kxg5 48.Rxe6 Rxg3+ 49.Kf2 Rg4 50.Re8 Rf4+
51.Ke3 Rf1 52.Rg8+ Kh4 53.Rf8 Kg5 54.Rxa4 Re1+ 55.Kf2 Re5 56.Rg8+ Kf6 57.Ra6+ Re6
58.Ra5 Bg4 59.Kg3 Rb6 60.Rf8+ Kg6 61.Kh4 Kg7 62.Rf2 Rf6 63.Rc2 Re6 64.Rc7+ Kf6
65.Rc8 Re5 66.Rf8+ Ke7 67.Raa8 Rf5 68.Rh8 Rd5 69.Ra6 Be6 70.Rh7+  1-0

[Event "ch-UKR"]
[Site "Ordzhonikidze UKR"]
[Date "2001.09.16"]
[Round "9"]
[White "Sergeev,Vl"]
[Black "Moroz,A"]
[Result "1/2-1/2"]
[WhiteElo "2498"]
[BlackElo "2512"]

1.e4 c5 2.Nf3 Nc6 3.Bb5 e6 4.Bxc6 bxc6 5.d3 Ne7 6.h4 h5 7.e5 Ng6 8.Nbd2 f6
9.Nc4 Ba6 10.Qe2 Qc7 11.Qe4 Kf7 12.Bf4 Nxf4 13.Qxf4 Kg8 14.O-O-O Rh6 15.Rh3 fxe5
16.Ncxe5 Rf6 17.Qe4 d5 18.Qe2 Bd6 19.Re1 Raf8 20.Rg3 c4 21.Rg5 Qa5 22.Nxc4 Bxc4
23.dxc4 Qxa2 24.Qd3 Bf4+ 25.Kd1 Bxg5 26.hxg5 Rf4 27.Qg6 Qxb2 28.Rxe6 dxc4
29.Ke2 R4f5 30.Kf1 Qb1+ 31.Re1 Qxc2 32.Kg1 Qc3 33.Re7 a5 34.Kh2 a4 35.Qe6+ Kh8
36.Nh4 Rxf2 37.Ng6+ Kh7 38.Nxf8+ Rxf8 39.g6+ Kh6 40.Rf7 Rd8 41.Qe7 Qd4 42.g3 Qb2+
43.Kh3 Rd2 44.Qe3+ Kxg6 45.Qe6+ Kh7 46.Qf5+ Kh6 47.Qf4+ Kh7 48.Qf5+ Kh6 49.Qf4+ Kh7
50.Qf5+ Kh6 51.Qe6+ Kh7 52.Qf5+ Kh6 53.Qe6+  1/2-1/2

[Event "6th ECCW"]
[Site "Belgrade YUG"]
[Date "2001.09.17"]
[Round "2"]
[White "Savic,Ma"]
[Black "Alexandrova,O"]
[Result "0-1"]
[WhiteElo "2180"]
[BlackElo "2387"]

1.e4 c5 2.Nf3 Nc6 3.Bb5 g6 4.Bxc6 bxc6 5.O-O Bg7 6.c3 Nh6 7.Re1 O-O 8.d4 cxd4
9.cxd4 f6 10.Nc3 d6 11.b3 Nf7 12.Bb2 Bd7 13.Rc1 Qb6 14.h3 Rad8 15.Qe2 Kh8
16.e5 Bc8 17.Na4 Qa5 18.Bc3 Qb5 19.Nb2 Qxe2 20.Rxe2 Ba6 21.Ree1 Rde8 22.exd6 exd6
23.Bb4 Rxe1+ 24.Rxe1 Rb8 25.Re7 Rxb4 26.Rxa7 Bb7 27.Nc4 Kg8 28.a3 Rxb3 29.Nfd2 Rb5
30.a4 Rb4 31.a5 d5 32.Nb6 Nd6 33.Nd7 Nc8  0-1

[Event "6th ECCW"]
[Site "Belgrade YUG"]
[Date "2001.09.17"]
[Round "2"]
[White "Stepovaia Dianchenko,T"]
[Black "Galianina Ryjanova,J"]
[Result "1/2-1/2"]
[WhiteElo "2451"]
[BlackElo "2335"]

1.e4 c5 2.Nf3 Nc6 3.Bb5 g6 4.O-O Bg7 5.Re1 Nf6 6.e5 Nd5 7.Nc3 Nc7 8.Bxc6 dxc6
9.Ne4 b6 10.Nf6+ Kf8 11.Ne4 Bg4 12.d3 Ne6 13.Neg5 Nxg5 14.Bxg5 Qd5 15.Re4 Bf5
16.Re3 Rd8 17.Qe2 h6 18.Bf4 Kg8 19.a4 Kh7 20.h3 Be6 21.b3 Qd7 22.Re1 Qb7
23.Nd2 Rd4 24.Re4 Bf5 25.Rxd4 cxd4 26.g4 Be6 27.Bg3 Qd7 28.Ne4 Bd5 29.f4 f5
30.exf6 exf6 31.Nf2 Rf8 32.Qe7 Rf7 33.Qxd7 Rxd7 34.f5 gxf5 35.gxf5 Bf8 36.Ne4 Kg7
37.Bh4 Be7 38.Kf2 Kf7 39.Kf3 Rd8 40.Rg1 Rg8 41.Rxg8 Kxg8 42.Bg3 Bd8 43.Bd6 Bf7
44.Kf4 Kg7 45.Bb8 a6 46.Kg4 Bd5 47.Nd6 Bg2 48.h4 c5 49.Ba7 h5+ 50.Kg3 Bc6
51.Nc8 Bd7 52.Nxb6 Bxf5 53.Nd5 Bg4 54.Bxc5 Bd1 55.Nb4 Ba5 56.Nxa6 Be1+ 57.Kf4 Bxc2
58.Bxd4 Bxb3 59.Nc5 Bd5 60.Ne4 Bxh4 61.Kf5 Kf7 62.a5 Be6+ 63.Kf4 Bg5+ 64.Kf3 Bd5
65.Kg3 h4+ 66.Kf2 Ke6 67.a6 Kf5 68.a7 Bf4 69.Be3  1/2-1/2

[Event "TCh-CRO"]
[Site "Pula CRO"]
[Date "2001.09.17"]
[Round "8"]
[White "Vitic,I"]
[Black "Petrovic,Zv"]
[Result "1-0"]
[WhiteElo "2312"]
[BlackElo "2268"]

1.e4 c5 2.Nf3 Nc6 3.Bb5 Qb6 4.a4 e6 5.c3 a6 6.Bd3 Nf6 7.O-O d6 8.Na3 Qc7
9.Re1 Be7 10.Bc2 e5 11.Nc4 O-O 12.Ne3 Be6 13.d4 cxd4 14.cxd4 exd4 15.Nxd4 Nxd4
16.Qxd4 Rfe8 17.Bd2 Nd7 18.Rac1 Qc5 19.Qd3 Ne5 20.Qe2 Rac8 21.Kh1 Nc6 22.Bd3 Qa7
23.Nd5 Bxd5 24.exd5 Ne5 25.Rxc8 Rxc8 26.Bf5 Re8 27.Be3 Qb8 28.Bd4 g6 29.Bh3 g5
30.g3 Qd8 31.f4 Ng6 32.fxg5 Kf8 33.Bf5 Ne5 34.Bxe5 dxe5 35.Qxe5 f6 36.Qe6 Bd6
37.Qxf6+ Qxf6 38.Rxe8+ Kxe8 39.gxf6 Be5 40.b3 Bxf6 41.Bxh7 b5 42.axb5 axb5
43.Kg2 Ke7 44.Bd3 Kd6 45.Bxb5 Kxd5 46.Kf3 Bc3 47.h4 Ke5 48.Bd3 Bd2 49.Bc2 Be1
50.h5 Bd2 51.Ke2 Bh6 52.Kd3 Kf5 53.Bd1 Bf8 54.Kc4 Ke5 55.Bf3 Kd6 56.b4 Bh6
57.Kd4 Bd2 58.b5 Be1 59.g4 Bf2+ 60.Ke4 Ke6 61.g5 Bb6 62.Bg4+ Kf7 63.Be2  1-0

[Event "TCh-CRO"]
[Site "Pula CRO"]
[Date "2001.09.18"]
[Round "9"]
[White "Jusic,Z"]
[Black "Petrovic,Zv"]
[Result "1-0"]
[WhiteElo "2426"]
[BlackElo "2268"]

1.e4 c5 2.Nf3 Nc6 3.Bb5 d6 4.c3 Nf6 5.Qe2 a6 6.Ba4 b5 7.Bc2 e5 8.O-O Be7
9.Rd1 Bg4 10.h3 Bh5 11.d3 O-O 12.Nbd2 d5 13.Nf1 Qc7 14.Ng3 Bg6 15.Bg5 dxe4
16.dxe4 Nh5 17.Nf5 Bxg5 18.Nxg5 Nf4 19.Qe3 h6 20.Nf3 Ne7 21.Rd2 Rad8 22.Rad1 Rxd2
23.Rxd2 f6 24.N3h4 Bxf5 25.exf5 Nfd5 26.Qf3 Rd8 27.Ng6 Nxg6 28.fxg6 Nf4 29.Qb7 Qb8
30.Rd7 Ne6 31.Bf5 Qxb7 32.Bxe6+  1-0

[Event "6th ECCW"]
[Site "Belgrade YUG"]
[Date "2001.09.19"]
[Round "4"]
[White "Polovnikova,E"]
[Black "Bojkovic,N"]
[Result "0-1"]
[WhiteElo "2368"]
[BlackElo "2452"]

1.e4 c5 2.Nf3 Nc6 3.Bb5 Nf6 4.Nc3 g6 5.e5 Ng4 6.Bxc6 dxc6 7.h3 Nh6 8.g4 Bg7
9.d3 f5 10.exf6 exf6 11.Be3 b6 12.Qd2 Nf7 13.O-O-O O-O 14.Rdg1 Be6 15.h4 Qd7
16.g5 f5 17.h5 Bd5 18.hxg6 hxg6 19.Qd1 Rad8 20.Rh4 Qe6 21.Re1 Rfe8 22.Bf4 Qd7
23.Reh1 b5 24.Rh7 c4 25.dxc4 Bxc4 26.Qxd7 Rxd7 27.R7h4 b4 28.Be3 bxc3 29.Rxc4 cxb2+
30.Kb1 Nd6 31.Rxc6 Nb5 32.c3 Rb8  0-1

[Event "6th ECCW"]
[Site "Belgrade YUG"]
[Date "2001.09.19"]
[Round "4"]
[White "Grosar,K"]
[Black "Galianina Ryjanova,J"]
[Result "1/2-1/2"]
[WhiteElo "2220"]
[BlackElo "2335"]

1.e4 c5 2.Nf3 Nc6 3.Bb5 g6 4.Bxc6 dxc6 5.d3 Bg7 6.O-O Nf6 7.h3 O-O 8.Nc3 Ne8
9.Be3 b6 10.Qd2 e5  1/2-1/2

[Event "ch-Africa"]
[Site "Cairo EGY"]
[Date "2001.09.20"]
[Round "5"]
[White "Domingos,C"]
[Black "Chahrani,I"]
[Result "1-0"]
[WhiteElo "2200"]
[BlackElo "2337"]

1.e4 c5 2.Nf3 Nc6 3.Bb5 g6 4.Bxc6 dxc6 5.d3 Bg7 6.Nc3 Nf6 7.h3 Nd7 8.Be3 O-O
9.Qd2 b6 10.Bh6 Qc7 11.O-O-O b5 12.Bxg7 Kxg7 13.h4 f6 14.g4 e5 15.Qe3 b4
16.Ne2 Qa5 17.Kb1 Rb8 18.g5 Qc7 19.h5 f5 20.hxg6 hxg6 21.Nd2 f4 22.Qh3 Rg8
23.Qe6  1-0

[Event "Battle of Crete Rapid"]
[Site "Panormo GRE"]
[Date "2001.09.21"]
[Round "7"]
[White "Svetushkin,D"]
[Black "Grivas,E"]
[Result "1-0"]
[WhiteElo "2461"]
[BlackElo "2489"]

1.e4 c5 2.Nf3 Nc6 3.Bb5 d6 4.O-O Bd7 5.Re1 Nf6 6.h3 a6 7.Bf1 e5 8.c3 g6 9.d4 Bg7
10.dxc5 dxc5 11.a4 O-O 12.Qd6 b6 13.Bg5 h6 14.Bh4 Ra7 15.Na3 Qb8 16.Qd2 Nh5
17.Nc4 Be6 18.Qc2 Nf4 19.Bg3 Rd8 20.Ne3 Kh7 21.Bc4 Bxc4 22.Nxc4 b5 23.Ne3 Rad7
24.Red1 c4 25.Bxf4 exf4 26.Nd5 Ne7 27.Nxe7 Rxe7 28.axb5 axb5 29.Rd5 Rxd5
30.exd5 b4 31.cxb4 Qxb4 32.Ra4 Qxb2 33.Qxc4 Qb1+ 34.Kh2 g5 35.d6 Rd7 36.Qd5 Qg6
37.Ra6 Qe6 38.Qxe6 fxe6 39.Nd2 Kg6 40.Ne4 Bf8 41.g4 fxg3+ 42.Kxg3 Kf5 43.Kf3 h5
44.Ke3 e5 45.f3 Rd8 46.d7 Be7 47.Ng3+  1-0

[Event "6th ECCW"]
[Site "Belgrade YUG"]
[Date "2001.09.22"]
[Round "7"]
[White "Savic,Ma"]
[Black "Bojkovic,N"]
[Result "1/2-1/2"]
[WhiteElo "2180"]
[BlackElo "2452"]

1.e4 c5 2.Nf3 Nc6 3.Bb5 d6 4.Bxc6+ bxc6 5.O-O e5 6.c3 f5 7.exf5 Bxf5 8.d4 e4
9.dxc5 dxc5 10.Qxd8+ Rxd8 11.Re1 Be7 12.Ne5 Rd6 13.Be3 Re6 14.Nc4 Nf6 15.Nbd2 Nd5
16.Nb3 Nb6 17.Nca5 Na4 18.Re2 O-O 19.Nb7 Re5 20.N3a5 Bd7 21.Nc4 Rd5 22.Rae1 Bc8
23.Nba5 Bg4 24.Rc2 Bd7 25.h3 Nb6 26.Bc1 Bf6 27.Rce2 Re8 28.Bf4 g5 29.Bg3 h5
30.Rxe4 Rxe4 31.Rxe4 Kg7 32.Bb8 Nc8 33.Nb7 Rd1+ 34.Kh2 Bf5 35.Re3 Rd5 36.Nbd6 Nxd6
37.Nxd6 Kg6 38.Nc4 a6 39.Be5 Be7 40.Bc7 Bf6 41.Re8 Bb1 42.a3 Ba2 43.Ne5+ Bxe5+
44.Rxe5 Rxe5 45.Bxe5 g4 46.Bd6 c4 47.Kg3 Kf5 48.f3 gxh3 49.gxh3 Bb3 50.Kf2 a5
51.Ke3 a4  1/2-1/2

[Event "6th ECCW"]
[Site "Belgrade YUG"]
[Date "2001.09.22"]
[Round "7"]
[White "Polovnikova,E"]
[Black "Shumiakina,T"]
[Result "1/2-1/2"]
[WhiteElo "2368"]
[BlackElo "2371"]

1.e4 c5 2.Nf3 Nc6 3.Bb5 e6 4.O-O Nge7 5.b3 Ng6 6.Bb2 f6 7.c3 a6 8.Bd3 Be7
9.Bc2 O-O 10.d4 cxd4 11.Nxd4 Qc7 12.Nd2 b5 13.a4 Bb7 14.axb5 Nxd4 15.b6 Qxb6
16.Nc4 Qc7 17.cxd4 d5 18.exd5 Bxd5 19.Ne3 Bb7 20.Qd3 Bd6 21.h3 f5 22.Ba3 Bxa3
23.Rxa3 Nf4 24.Qd2 Qe7 25.Ra5 Qg5 26.Kh2 Nxg2 27.Nc4 Qxd2 28.Nxd2 Rad8 29.Bd1 Nh4
30.Ra4 e5 31.dxe5 Rxd2 32.Rxh4 Rfd8 33.Rb4 Bc6 34.e6 Bb5 35.Re1 Rxf2+ 36.Kg3 Rfd2
37.Bf3 Re8 38.Kf4 g6 39.Ke5 Kg7 40.Bd5 Rd8 41.Bc4 h6 42.h4 Rd1 43.Re3 R1d2
44.Re1  1/2-1/2

[Event "ch-HUN Women"]
[Site "Budapest HUN"]
[Date "2001.09.22"]
[Round "2"]
[White "Gara,A"]
[Black "Horvath,Ju"]
[Result "1-0"]
[WhiteElo "2303"]
[BlackElo "2294"]

1.e4 c5 2.Nf3 Nc6 3.Bb5 d6 4.O-O Bd7 5.Re1 a6 6.Bxc6 bxc6 7.d3 Bg4 8.Nbd2 e5
9.h3 Be6 10.c3 Qb6 11.Ng5 Nf6 12.Nxe6 fxe6 13.Nc4 Qc7 14.f4 Be7 15.fxe5 dxe5
16.Qf3 O-O 17.Qg3 Nd7 18.Bh6 Bf6 19.Rf1 Kh8 20.Be3 Qd8 21.Rf3 Qe7 22.Raf1 Rab8
23.Qf2 Bh4 24.Qc2 Rxf3 25.Rxf3 Bg5 26.Bxg5 Qxg5 27.Qf2 Kg8 28.Kh2 h6 29.Qg3 Qe7
30.b3 Rb5 31.Qg6 Nf8 32.Qh5 Nd7 33.Rg3 Kh8 34.Qg6 Rb8 35.Rf3 Kg8 36.Nd6 Nf8
37.Qf7+ Qxf7 38.Nxf7 Ng6 39.Nd6 Nh4 40.Re3 g5 41.g3 Ng6 42.Rf3 h5 43.Rf6 Nf8
44.Nf7 h4 45.Nxe5 Rd8 46.Rf3 Rc8 47.gxh4 gxh4 48.Rf4 a5 49.Rg4+ Kh7 50.Rxh4+ Kg7
51.Rg4+ Kf6 52.Nc4 Ng6 53.d4 cxd4 54.cxd4 Ra8 55.e5+ Kg7 56.h4 Kh6 57.Nd6 Rf8
58.Ne4 Rf1 59.Nc5 Nf4 60.Kg3 Nh5+ 61.Kg2 Ra1 62.a4 Ng7 63.Kf2 Rh1 64.Rf4 Nh5
65.Rf8 Rh2+ 66.Ke3 Rh3+ 67.Rf3 Rxh4 68.Nxe6 Rh1 69.Nd8 Rb1 70.Kd2 Rb2+ 71.Kc3 Rb1
72.Kc2 Re1 73.Nxc6  1-0

[Event "ECC"]
[Site "Panormo GRE"]
[Date "2001.09.23"]
[Round "1"]
[White "Kuzmin,G"]
[Black "Asmundsson,I"]
[Result "0-1"]
[WhiteElo "2542"]
[BlackElo "2359"]

1.e4 c5 2.Nf3 Nc6 3.Bb5 g6 4.O-O Bg7 5.c3 Nf6 6.Re1 O-O 7.h3 d6 8.d4 cxd4
9.cxd4 a6 10.Bxc6 bxc6 11.Nc3 Nd7 12.Be3 Rb8 13.Qd2 Qb6 14.b3 Qb4 15.Rac1 Re8
16.Bh6 c5 17.Bxg7 Kxg7 18.Qb2 Kg8 19.Nd5 Qa5 20.dxc5 Nxc5 21.b4 Qd8 22.Qd2 Ne6
23.Qh6 f6 24.Nh4 Rf8 25.f4 Ng7 26.f5 g5 27.Ng6 Rf7 28.Ngxe7+ Rxe7 29.Qxf6 Rd7
30.Rc7 Bb7 31.Qxd8+ Rdxd8 32.Nf6+ Kh8 33.Rec1 Rbc8 34.Kf2 Rf8 35.Rxc8 Rxc8
36.Rxc8+ Bxc8 37.g4 Bb7 38.Ke3 Bc6 39.Kd4 Ne8 40.Nxe8 Bxe8 41.Kd5 Kg7 42.Kxd6 Kf7
43.Kc7 Bb5 44.Kb6 Bf1 45.a4 Bxh3 46.b5 axb5 47.axb5 Bxg4 48.Kc7 Bf3 49.e5 g4
50.b6 g3  0-1

[Event "Boca Open"]
[Site "Buenos Aires ARG"]
[Date "2001.09.24"]
[Round "6"]
[White "Szmetan,J"]
[Black "Zarnicki,P"]
[Result "0-1"]
[WhiteElo "2406"]
[BlackElo "2487"]

1.Nf3 c5 2.e4 Nc6 3.Bb5 e6 4.O-O Nge7 5.Re1 a6 6.Bxc6 Nxc6 7.d4 cxd4 8.Nxd4 d6
9.Nc3 Be7 10.Nxc6 bxc6 11.Qg4 Kf8 12.e5 d5 13.Qh5 h6 14.Bf4 g6 15.Qh3 Kg7
16.b3 c5 17.Rad1 Qa5 18.Bd2 Qc7 19.Ne2 a5 20.a4 Qc6 21.Qg3 Bb7 22.Nf4 h5
23.Nh3 h4 24.Qg4 d4 25.Bg5 Qc7 26.Rd3 Rh5 27.f4 Re8 28.Bxe7 Rxe7 29.Nf2 c4
30.Rxd4 cxb3 31.cxb3 h3 32.gxh3 Qc3 33.Red1 Qxb3 34.Rd8 Bf3 35.R8d3 Bxg4
36.Rxb3 Bxd1 37.Nxd1 Rd7 38.Ne3 Rd4 39.Ng4 Rxf4 40.Rb5 Rxa4  0-1

[Event "American Continental Women"]
[Site "Merida VEN"]
[Date "2001.09.24"]
[Round "4"]
[White "Moncayo Romero,E"]
[Black "Blanco Acevedo,M"]
[Result "1-0"]
[WhiteElo "2220"]
[BlackElo "2185"]

1.e4 c5 2.Nf3 Nc6 3.Bb5 g6 4.O-O Bg7 5.c3 Nf6 6.Re1 O-O 7.d4 cxd4 8.cxd4 Qb6
9.Nc3 Ng4 10.Nd5 Qd8 11.Bg5 f6 12.Bf4 a6 13.Bc7 Qe8 14.Bc4 Kh8 15.Nb6 d6
16.Nxa8 b5 17.Bb3 Qd7 18.h3 Nh6 19.Be6 Qxe6 20.d5 Qd7 21.dxc6 Qxc6 22.Rc1 Qxa8
23.Nd4 f5 24.exf5 Nxf5 25.Nxf5 Bxf5 26.Rxe7 Bxb2 27.Bxd6 Bf6 28.Be5 Bxe5
29.Rxe5 Qa7 30.Rec5 Be6 31.Qd4+ Kg8 32.Qe3 Bxa2 33.Qd4 Bf7 34.Qd6 Bc4 35.Ra1 a5
36.Qd4 Bb3 37.Ra3 a4 38.Ra1 Qg7 39.Qxg7+ Kxg7 40.Rxb5 Kf6 41.Rb7 h5 42.Rb6+ Kf5
43.Rc1 Ke4 44.Rxg6 a3 45.Rg3 Rb8 46.Rb1 a2 47.Rgxb3 Rxb3 48.Ra1 Rb5 49.Kh2 Kf4  1-0

[Event "ECC"]
[Site "Panormo GRE"]
[Date "2001.09.24"]
[Round "2"]
[White "Galego,L"]
[Black "Baklan,V"]
[Result "1/2-1/2"]
[WhiteElo "2467"]
[BlackElo "2599"]

1.e4 c5 2.Nf3 Nc6 3.Bb5 g6 4.O-O Bg7 5.Re1 Nf6 6.d3 O-O 7.Bxc6 dxc6 8.h3 Ne8
9.Nc3 Nc7 10.e5 Ne6 11.Ne4 b6 12.Neg5 Nd4 13.Nxd4 cxd4 14.Re4 f6 15.exf6 exf6
16.Ne6 Bxe6 17.Rxe6 Qd7 18.Re2 Rfe8 19.Bd2 Qd5 20.a4 Kf7 21.c4 dxc3 22.Bxc3 c5
23.Rxe8 Rxe8 24.Qc2 f5 25.Bxg7 Kxg7 26.Qc3+ Kf7 27.a5 b5 28.Rc1 Rc8 29.b4 c4  1/2-1/2

[Event "ECC"]
[Site "Panormo GRE"]
[Date "2001.09.25"]
[Round "3"]
[White "Zvjaginsev,V"]
[Black "Macieja,B"]
[Result "1/2-1/2"]
[WhiteElo "2638"]
[BlackElo "2588"]

1.e4 c5 2.Nf3 Nc6 3.Bb5 e6 4.O-O Nge7 5.c3 a6 6.Be2 d5 7.exd5 Nxd5 8.d4 cxd4
9.Nxd4 Nxd4 10.Qxd4 Bd7 11.Bf3 Bc6 12.Nd2 Rc8 13.Nc4 b5 14.Ne5 Bb7 15.c4 bxc4
16.Nxc4 Rc7 17.Rd1 Qf6 18.Qxf6 gxf6 19.b3 Bc5 20.Bd2 Ke7 21.Rac1 Rhc8 22.Ba5 Rd7
23.h3 Ba7 24.Rc2 Rb8 25.Be1 Rc8 26.Rdc1 Rdc7 27.Ba5 Rd7 28.Bd2 Rdc7 29.Kf1 Kd7
30.Ke1 Ke7 31.Be4 f5 32.Bf3 f6 33.g4 f4 34.Be4 h6 35.Na5 Rxc2 36.Rxc2 Rxc2
37.Bxc2 Ba8 38.Be4 Bc5 39.b4 Bb6 40.Nc4  1/2-1/2

[Event "Boca Open"]
[Site "Buenos Aires ARG"]
[Date "2001.09.26"]
[Round "7"]
[White "Zarnicki,P"]
[Black "Rodriguez,And URU"]
[Result "1-0"]
[WhiteElo "2487"]
[BlackElo "2504"]

1.e4 c5 2.Nf3 Nc6 3.Bb5 Na5 4.c3 a6 5.Ba4 c4 6.O-O b5 7.Bc2 Bb7 8.a4 e6 9.axb5 axb5
10.d4 d5 11.e5 Ne7 12.h4 h6 13.Nbd2 Nec6 14.h5 b4 15.Nh2 Qb6 16.Qf3 Na7 17.Qe3 Nb5
18.f4 Nc6 19.Rxa8+ Bxa8 20.Ndf3 Qa5 21.f5 bxc3 22.fxe6 fxe6 23.Bg6+ Kd8 24.Qf4 Nbxd4
25.Nxd4 Nxd4 26.Kh1 Ne2 27.Qg4 Nxc1 28.Qxe6 Be7 29.b4 Qc7 30.Rxc1 Bc6 31.b5 Bb7
32.Nf3 Bc5 33.Qg4 Qb6 34.e6 Qc7 35.Bf7 Rf8 36.b6 Qe7 37.Qxg7 d4 38.Qe5 Kc8
39.Qf4 Rd8 40.Nh4 d3 41.Nf5 Bxg2+  1-0

[Event "ECC"]
[Site "Panormo GRE"]
[Date "2001.09.28"]
[Round "6"]
[White "Ribeiro,Fe"]
[Black "Teske,H"]
[Result "1/2-1/2"]
[WhiteElo "2202"]
[BlackElo "2486"]

1.e4 c5 2.Nf3 Nc6 3.Bb5 g6 4.O-O Bg7 5.Bxc6 bxc6 6.c3 e5 7.Re1 Ne7 8.d4 cxd4
9.cxd4 exd4 10.Nxd4 O-O 11.Nc3 Rb8 12.Rb1 Rb4 13.Be3 d5 14.exd5 cxd5 15.Qd2 Rb7  1/2-1/2

[Event "Tatry Open"]
[Site "High Tatras SVK"]
[Date "2001.09.29"]
[Round "1"]
[White "Hasangatin,R"]
[Black "Cmelik,P"]
[Result "1-0"]
[WhiteElo "2482"]
[BlackElo "2069"]

1.e4 c5 2.Nf3 Nc6 3.Bb5 d6 4.d4 cxd4 5.Qxd4 Bd7 6.Bxc6 bxc6 7.c4 e5 8.Qd3 Qc7
9.O-O Be7 10.Re1 Nf6 11.Bg5 O-O 12.Nc3 Rad8 13.b4 h6 14.Bxf6 Bxf6 15.b5 Be6
16.Rac1 Be7 17.bxc6 Qxc6 18.Nd5 Bxd5 19.cxd5 Qd7 20.Rc6 Rb8 21.Rec1 Bd8 22.Qa3 Rb6
23.Rc8 f5 24.Qd3 Rb2 25.exf5 Bb6 26.Rxf8+ Kxf8 27.Nd2 Rxa2 28.h3 Ra4 29.f6 Qf7
30.Rc8+  1-0

[Event "ECC"]
[Site "Panormo GRE"]
[Date "2001.09.29"]
[Round "7"]
[White "Kindermann,S"]
[Black "Novkovic,Mi"]
[Result "1-0"]
[WhiteElo "2520"]
[BlackElo "2396"]

1.e4 c5 2.Nf3 Nc6 3.Bb5 e6 4.Bxc6 dxc6 5.d3 Ne7 6.O-O Ng6 7.e5 b6 8.Re1 Qc7
9.b3 Bb7 10.Bb2 Ne7 11.Ng5 h5 12.Nd2 Nf5 13.Nc4 Be7 14.Ne4 O-O-O 15.Qf3 Rh7
16.Ned6+ Bxd6 17.exd6 Qd7 18.Ne5 Qe8 19.d7+ Rxd7 20.Nxd7 Qxd7 21.Re4 c4 22.Rxc4 c5
23.Qe2 Rh6 24.Re4 Bc6 25.Rd1 Kb7 26.f3 Rg6 27.Rf4 f6 28.d4 cxd4 29.Bxd4 e5
30.Bf2 Qc8 31.Re4 h4 32.h3 Qe6 33.Rg4 Rxg4 34.hxg4 Nd6 35.Bxh4 e4 36.Bg3 Nb5
37.Qe3 Qc8 38.c4 Nc7 39.Bxc7 Qxc7 40.fxe4  1-0

[Event "Champions Cup"]
[Site "Cartagena de Indias COL"]
[Date "2001.10.02"]
[Round "6"]
[White "Garcia,Gild"]
[Black "Gamboa,N"]
[Result "1-0"]
[WhiteElo "2490"]
[BlackElo "2354"]

1.e4 c5 2.Nf3 Nc6 3.Bb5 g6 4.O-O Bg7 5.c3 Nf6 6.Re1 O-O 7.e5 Nd5 8.d4 cxd4
9.cxd4 a6 10.Ba4 Nb6 11.d5 Nxa4 12.Qxa4 Qa5 13.Qe4 Nd8 14.Bd2 Qb6 15.Nc3 d6
16.Be3 Qxb2 17.Na4 Qb5 18.Nb6 Rb8 19.Rac1 Bf5 20.Qf4 dxe5 21.Nxe5 Ne6 22.Qg3 Ng5
23.Bxg5 Qxb6 24.Bxe7 Rfe8 25.Nc4 Qb5 26.Ne3 Bd7 27.Qd6 Qa4 28.h3 Rbc8 29.Rb1 Bc3
30.Red1 Bb5 31.Bf6 h5 32.Bxc3 Rxc3 33.Qf6 Qa3 34.d6 Rd3 35.Rxd3 Qxd3 36.Rb3 Qd2
37.Nf5 Qc1+ 38.Kh2 Qf4+ 39.Rg3 Qe5 40.Ne7+ Rxe7 41.Qxe7 Qf4 42.h4 Qd4 43.Rf3 Qd5
44.Rf4 Bc6 45.f3 Qe6 46.Qxe6 fxe6 47.Rf6  1-0

[Event "Tatry Open"]
[Site "High Tatras SVK"]
[Date "2001.10.02"]
[Round "5"]
[White "Juricek,S"]
[Black "Grich,F"]
[Result "1-0"]
[WhiteElo "2238"]
[BlackElo "2114"]

1.e4 c5 2.Nf3 Nc6 3.Bb5 a6 4.Bxc6 bxc6 5.O-O d6 6.d3 e5 7.Nbd2 Nf6 8.Nc4 Bg4
9.h3 Bh5 10.b3 Be7 11.Bd2 Nd7 12.Qe2 O-O 13.Rad1 f6 14.Ba5 Qb8 15.Ne3 Bd8
16.Bxd8 Rxd8 17.Nf5 Qc7 18.g4 Bf7 19.g5 Bh5 20.gxf6 Nxf6 21.Ng3 Rf8 22.Nxh5 Nxh5
23.Nh4 Nf4 24.Qg4 Rf6 25.Kh2 Raf8 26.Rg1 Ne2 27.Rg2 Rxf2 28.Nf5 Rxg2+ 29.Qxg2 Nf4
30.Qg5 Rf6 31.Rg1 Ne6 32.Qxf6  1-0

[Event "Chigorin Mem Open"]
[Site "St Petersburg RUS"]
[Date "2001.10.02"]
[Round "8"]
[White "Shchukin,D"]
[Black "Kovalevskaya,E"]
[Result "1-0"]
[WhiteElo "2359"]
[BlackElo "2486"]

1.e4 c5 2.Nf3 Nc6 3.Bb5 g6 4.O-O Bg7 5.Bxc6 bxc6 6.Nc3 Nh6 7.Re1 O-O 8.h3 d6
9.d3 e5 10.a3 f5 11.Bg5 Qd7 12.b4 cxb4 13.axb4 Nf7 14.Bd2 Bb7 15.Ra5 Bf6
16.b5 c5 17.Qa1 g5 18.Qa2 Kh8 19.Nd5 Bd8 20.Ra3 f4 21.Nh2 Qxb5 22.c4 Bxd5
23.cxd5 Qd7 24.Ba5 Bxa5 25.Rxa5 Rfb8 26.Ra1 Rb7 27.Qe2 Rab8 28.Nf1 Rb2 29.Nd2 R8b7
30.Qd1 f3 31.Nc4 fxg2 32.Kxg2 R2b5 33.Ra6 Kg7 34.Qg4 Qxg4+ 35.hxg4 Rd7 36.Rxa7 Rbb7
37.Rxb7 Rxb7 38.Ra6 Rd7 39.Ne3 Kf6 40.Kf3 Rd8 41.Nf5 Rd7 42.Ke3 Kg6 43.f3 h5
44.gxh5+ Kxh5 45.Ra8 Nd8 46.Ra1 Nf7 47.Kd2 Kg6 48.Ra6 Kh5 49.Kc3 g4 50.fxg4+ Kxg4
51.Kc4 Kf3 52.Rc6 Ke2 53.Rb6 Kd2 54.Rb2+ Ke1 55.Rg2 Rb7 56.Kc3 Ra7 57.Rg7 Rb7
58.Rxf7 Rxf7 59.Nxd6 Re7 60.Nc4 Ke2 61.Nxe5 Rxe5 62.Kc4 Rh5 63.d6 Rh3 64.e5  1-0

[Event "Chigorin Mem Open"]
[Site "St Petersburg RUS"]
[Date "2001.10.02"]
[Round "8"]
[White "Kalinina,V"]
[Black "Zakharchenko,A"]
[Result "1/2-1/2"]
[WhiteElo "2271"]
[BlackElo "2402"]

1.e4 c5 2.Nf3 Nc6 3.Bb5 g6 4.O-O Bg7 5.Re1 Nf6 6.c3 O-O 7.e5 Nd5 8.d4 cxd4
9.cxd4 d6 10.exd6 Qxd6 11.Nc3 Bg4 12.Be2 e6 13.Nb5 Qd8 14.Ne5 Bxe2 15.Rxe2 Qb6
16.a4 a6 17.Nd7 Qd8 18.Nxf8 axb5 19.Nxe6 fxe6 20.Be3 b4 21.Rd2 Qf6 22.Qe2 Qf7
23.Qb5 Ra5 24.Qc4 Qd7 25.Re2 b5 26.Qd3 bxa4 27.Rae1 Nde7 28.Bd2 Rd5 29.Qa6 Nxd4
30.Re4 Nc2 31.R1e2 Nd4 32.Re1 Ndc6 33.Bxb4 Nxb4 34.Rxb4 Rd1 35.Qa8+ Bf8 36.Qe4 Rxe1+
37.Qxe1 Nd5 38.Re4 Kf7 39.Qd1 a3 40.bxa3 Bxa3 41.Qf3+ Nf6 42.Re3 Be7 43.Rd3 Qa4
44.h3 h5 45.Qe2 Qc4 46.g3 Qc6 47.Rf3 g5 48.Qd3 Kg7 49.Re3 Bc5 50.Re5 g4 51.h4 Qb6
52.Rg5+ Kf8 53.Kg2 Be7 54.Rb5 Qc6+ 55.Kg1 Kf7 56.Rg5  1/2-1/2